Origani Books: (Record no. 180911)
[ view plain ]
| 000 -LEADER | |
|---|---|
| fixed length control field | 00816nam a2200217 4500 |
| 005 - DATE AND TIME OF LATEST TRANSACTION | |
| control field | 20210823155726.0 |
| 010 ## - LCCN (DPL NO) | |
| LC control number | B-741175-177 |
| 020 ## - INTERNATIONAL STANDARD BOOK NUMBER | |
| International Standard Book Number | 9789384929411(Part-l) |
| Terms of availability | 350.00 |
| 020 ## - INTERNATIONAL STANDARD BOOK NUMBER | |
| International Standard Book Number | 9789384929428(Part-ll) |
| Terms of availability | 350.00 |
| 020 ## - INTERNATIONAL STANDARD BOOK NUMBER | |
| International Standard Book Number | 9789384929435(Part-lll) |
| Terms of availability | 350.00 |
| 037 ## - SOURCE OF ACQUISITION | |
| Source of stock number/acquisition | Gift |
| 082 ## - DEWEY DECIMAL CLASSIFICATION NUMBER | |
| Classification number | 736.98 |
| 100 ## - MAIN ENTRY--PERSONAL NAME | |
| Personal name | Sharma,Prayank |
| 245 ## - TITLE STATEMENT | |
| Title | Origani Books: |
| Remainder of title | Paper Folding Made Easy / |
| Statement of responsibility, etc | by Prayank Sharma |
| 260 ## - PUBLICATION, DISTRIBUTION, ETC. (IMPRINT) | |
| Place of publication, distribution, etc | Delhi |
| Name of publisher, distributor, etc | Kids Knowledge Bank |
| Date of publication, distribution, etc | 2020 |
| 270 ## - ADDRESS | |
| Address | 7/20,60Ft Road, Yudhishthir Gali, |
| City | Delhi |
| Postal code | 110032 |
| 300 ## - PHYSICAL DESCRIPTION | |
| Extent | 104p. |
| Other physical details | ill |
| Dimensions | 24cm(Pbk) |
| 500 ## - GENERAL NOTE | |
| General note | Part-1Easy Level:Part-2Medium Level:Part-3Hard Level |
| 942 ## - ADDED ENTRY ELEMENTS (KOHA) | |
| Source of classification or shelving scheme | Dewey Decimal Classification |
| Item type | Children Books |
| Classification part | 736.98 |
| Call number suffix | SHA |
| Withdrawn status | Lost status | Materials specified (bound volume or other part) | Not for loan | Collection code | Home library | Current library | Date acquired | Source of acquisition | Cost, normal purchase price | Full call number | Barcode | Copy number | Cost, replacement price | Koha item type | Public note |
|---|---|---|---|---|---|---|---|---|---|---|---|---|---|---|---|
| Part-1 | Non-fiction | Central Library | Central Library | 23/08/2021 | Gift/Eng/09-08-2021 | 350.00 | 736.98 SHA | B-741175 | 1 | 350.00 | Children Books | Gift | |||
| Part-2 | Non-fiction | Central Library | Central Library | 23/08/2021 | Gift/Eng/09-08-2021 | 350.00 | 736.98 SHA | B-741176 | 1 | 350.00 | Children Books | Gift | |||
| Part-3 | Non-fiction | Central Library | Central Library | 23/08/2021 | Gift/Eng/09-08-2021 | 350.00 | 736.98 SHA | B-741177 | 1 | 350.00 | Children Books | Gift |
